ბათუმის შოთა რუსთაველის სახელმწიფო უნივერსიტეტის ბიბლიოთეკა

Теплотехнические измерения и приборы. (ბიბ.ჩანაწერი № 47172)

000 -LEADER
fixed length control field 00691nam a2200229Ia 4500
001 - CONTROL NUMBER
control field 14030
003 - CONTROL NUMBER IDENTIFIER
control field GE_BSU
008 - FIXED-LENGTH DATA ELEMENTS--GENERAL INFORMATION
fixed length control field 181216s||||||||xx |||||||||||||| ||und||
040 ## - CATALOGING SOURCE
Transcribing agency GE_BSU
080 ## - UNIVERSAL DECIMAL CLASSIFICATION NUMBER
Universal Decimal Classification number 621.1.016(075.8):536
100 ## - MAIN ENTRY--PERSONAL NAME
Personal name Преоброженский,В.П.
245 ## - TITLE STATEMENT
Title Теплотехнические измерения и приборы.
245 ## - TITLE STATEMENT
Remainder of title Учебник.
245 ## - TITLE STATEMENT
Statement of responsibility, etc. Ред. М.А.Панько.
250 ## - EDITION STATEMENT
Edition statement 3-е изд. переаб.
260 ## - PUBLICATION, DISTRIBUTION, ETC.
Place of publication, distribution, etc. М.
260 ## - PUBLICATION, DISTRIBUTION, ETC.
Name of publisher, distributor, etc. Энергия.
260 ## - PUBLICATION, DISTRIBUTION, ETC.
Date of publication, distribution, etc. 1978.
300 ## - PHYSICAL DESCRIPTION
Extent 704 стр. с илл. 21 см.
653 ## - INDEX TERM--UNCONTROLLED
Uncontrolled term Теплотехнические измерения и приборы.
942 ## - ADDED ENTRY ELEMENTS (KOHA)
Koha item type წიგნი
ეგზემპლარები
Withdrawn status Lost status Damaged status Not for loan Date acquired Barcode Date last seen Price effective from Koha item type
        2018-12-17 10692 2018-12-17 2018-12-17 წიგნი
        2018-12-17 9602 2018-12-17 2018-12-17 წიგნი